Variasi panduan menjahit pakaian lelaki

Bibliographic Details
Main Author: Mariam Abu Bakar
Format: Book
Published: Selangor : Alaf 21 , 2006
Subjects:

MARC

LEADER 00000cam a2200000 7i4500
001 0000014631
005 20080304.0
008 080304
020 |a 9831242297 
090 0 0 |a 646.402   |b MAR 
100 0 |a Mariam Abu Bakar 
245 1 0 |a Variasi panduan menjahit pakaian lelaki   |c Mariam Abu Bakar 
260 |a Selangor :   |b Alaf 21 ,   |c 2006 
650 0 |a Men's clothing   |x Handbooks,manual,etc 
650 0 |a Sewing   |x Handbooks,manual,etc 
999 |a 0001013023   |b Book   |c Adult Collection   |e Perbadanan Perpustakaan Awam Johor 
999 |a 0001013024   |b Book   |c Adult Collection   |e Perbadanan Perpustakaan Awam Johor 
999 |a 0001013025   |b Book   |c Adult Collection   |e Perbadanan Perpustakaan Awam Johor 
999 |a 0001013026   |b Book   |c Adult Collection   |e Perbadanan Perpustakaan Awam Johor 
999 |a 0001013027   |b Book   |c Adult Collection   |e Perbadanan Perpustakaan Awam Johor 
999 |a 0001070442   |b Book   |c Adult Collection   |e Cawangan Bukit Gambir